|
|
|
|
| LEADER |
00000nam a22000007a 4500 |
| 005 |
2022101306426.0 |
| 007 |
cr|||| |||| |
| 008 |
221013s2022 es |||||s|||| 00||0 spa d |
| 020 |
|
|
|a 9788419045355
|
| 035 |
|
|
|a 37462
|
| 040 |
|
|
|a vLex
|
| 090 |
|
|
|c 14035
|d 14035
|
| 100 |
1 |
|
|a Torres Manrique, Jorge Isaac
|
| 245 |
1 |
0 |
|a Derechos fundamentales e interdisciplinariedad
|h [Recurso electrn̤ico] :
|b Perspectivas desde el nuevo ordenamiento jurd̕ico imperante /
|c Jorge Isaac Torres Manrique
|
| 256 |
|
|
|a Servicio en ln̕ea
|
| 260 |
|
|
|a Barcelona:
|b J.M. Bosch Editor,
|c 2022
|
| 300 |
|
|
|a 1 recurso electrn̤ico
|
| 500 |
|
|
|a “El libro de autora̕ del ilustre jurista Jorge Isaac Torres Manrique presenta aportes al Derecho, especialmente en lo que se refiere a los derechos fundamentales y la perspectiva interdisciplinar, permitiendo nuevos aspectos al ordenamiento jurd̕ico actual. Da lugar a intensas consideraciones sobre cuestiones de Derecho, las cuales deben ser reflexionadas para buscar su factibilidad y sugerir alternativas a las mismas, como admirablemente hace el autor. Pensar en el Derecho es esencial para construir un razonamiento lg̤ico que apunte a mejorar la sociedad y garantizar los derechos de sus ciudadanos. El papel del jurista es contribuir a un mundo mejor, ms̀ justo y ms̀ solidario y el Prof. Dr. Jorge Manrique hace esto con sus libros, permitiendo que sus sugerencias tengan este alcance”. “O livro de autoria do ilustre jurista Jorge Isaac Torres Manrique apresenta contribuiė̳s para o direito, principalmente no que se refere aos direitos fundamentais e a perspectiva interdisciplinar permitindo que se tenha novos aspectos para o ordenamento jurd̕ico atual. Origina intensas consideraė̳s sobre temas do direito, que devem ser refletidos com a finalidade de buscar viabilidades e sugerir alternativas aos mesmos, como o autor faz de forma admirv̀el. Pensar o direito ̌essencial para que se construa um raciocn̕io lg̤ico que vise melhorar a sociedade e garantir os direitos aos seus cidadôs. O papel do jurista ̌contribuir para um mundo melhor, mais justo e solidr̀io e o Prof. Dr. Jorge Manrique o faz com seus livros permitindo que as suas sugeste̳s tenham esse escopo”. Prof.® Ps̤- Doutora Cleide Calgaro Ps̤- Doutora em Filosofia e em Direito, ambos pela PUCRS. Doutora em Cin̊cias Sociais na UNISINOS. Doutora em Filosofia pela PUCRS. Doutora em Direito pela UNISC. Atualmente, Professora da Graduaȯ̂ e Ps̤-Graduaȯ̂ - Mestrado e Doutorado em Direito, na UCS. Ld̕er do Grupo de Pesquisa “Metamorfose Jurd̕ica” vinculado a UCS. Jorge Isaac Torres Manrique (Per)︢. Consultor jurd̕ico. Abogado por la UCSM (Arequipa). Doctorados en Derecho y Administracin̤, por la UNFV (Lima). Presidente de la Escuela Interdisciplinar de Derechos Fundamentales Praeeminentia Iustitia (Per)︢. Director de la Biblioteca: “Recientes y prx̤imos escenarios de los Ordenamientos Jurd̕icos”, publicada por Ediciones Olejnik (Chile). Miembro del Comit ̌Editorial de la EDUCS- Editora da Universidade de Caxias do Sul (Brasil). Pesquisador Internacional del Grupo de Responsabilidade Civil e Processo Ambiental de la Escola Superior Dom Helder Cḿara (Brasil). Colaborador Extranjero del Grupo de Investigaȯ̂ de Investigaȯ̂ Metamorfose Jurd̕ica y Colaborador do Projeto de Pesquisa Constitucionalismo e Meio Ambiente: Sustentabilidade, Direitos Fundamentais e o Socioambientalismo na Sociedade Consumocentrista; ambos vinculados ao Programa de Ps̤- Graduaȯ̂ em Direito da Universidade de Caixas de Sul (Brasil). Miembro de la International Association of Constitutional Law- IACL (Serbia). Autor, Coautor, Coordinador y Director Cientf̕ico de diversos libros y tratados en Derecho Constitucional, Penal, Administrativo. CoDirector de los Cd̤igos Penales Comentados de Ecuador, Colombia.
|
| 506 |
1 |
|
|a Disponible solo en los productos indicados
|d vLex Global
|d vLex Global (Academic Edition, excluding Law Schools)
|d vLex Global (U.S. Academic Edition, Law Schools)
|d vLex Global (U.S. Academic Edition, excluding Law Schools)
|d vLex Global (Academic Edition, Law Schools)
|
| 650 |
0 |
4 |
|a Derecho Constitucional
|z Espaą
|
| 650 |
0 |
4 |
|a Derecho Internacional
|z Espaą
|
| 740 |
0 |
|
|a vLex Libros (Servicio en ln̕ea)
|
| 856 |
4 |
0 |
|u https://app.vlex.com/#/sources/37462
|z Acceso restringido
|
| 942 |
|
|
|c BOOK
|
| 999 |
0 |
|
|a Constitutional Law
|
| 999 |
0 |
|
|a International Law
|